El cadete (Registro nro. 75833)

Detalles MARC
000 -ENCABEZADO
Número de control [NR] 00697nam a2200217Ia 4500
008 - DE LONGITUD FIJA DE DATOS DE ELEMENTOS - INFORMACIÓN GENERAL
Elementos de longitud fija [NR] 130821s1931 sp gr spa
040 ## - FUENTE DE CATALOGACION [NR]
Agencia de catalogación original [NR] Co-BoUCM
Idioma de catalogación [NR] spa
041 00 - CODIGO DE IDIOMA [R]
Código de idioma para texto/pista de sonido o título separado [R] Español
100 1# - ASIENTO PRINCIPAL--NOMBRE PERSONAL [NR]
Nombre personal [NR] Zurov, Leonid
ID Autoridad 169315
245 13 - MENCION DE TITULO [NR]
Título [NR] El cadete
Mención de responsabilidad, etc. [NR] Leonid Zurov ; traducción del ruso por Eduino de Mora
260 ## - PUBLICACION, DISTRIBUCION, ETC. (PIE DE IMPRENTA) [R]
Lugar de publicación, distribución, etc. [R] Madrid (España)
Nombre del editor, distribuidor, etc. [R] Espasa-Calpe
Fecha de publicación, distribución, etc. [R] 1931
300 ## - DESCRIPCION FISICA [R]
Extensión [R] 200 páginas
500 ## - NOTA GENERAL [R]
Nota general [NR] Donación UCM-C-ARRAYANES
500 ## - NOTA GENERAL [R]
Nota general [NR] Incluye índice.
650 ## - ASIENTO SECUNDARIO DE MATERIA - TERMINO TEMATICO [R]
Término temático o nombre geográfico como elemento de entrada [NR] Literatura europea
9 (RLIN) 26524
650 ## - ASIENTO SECUNDARIO DE MATERIA - TERMINO TEMATICO [R]
Término temático o nombre geográfico como elemento de entrada [NR] Literatura rusa
9 (RLIN) 18740
650 ## - ASIENTO SECUNDARIO DE MATERIA - TERMINO TEMATICO [R]
Término temático o nombre geográfico como elemento de entrada [NR] Novela rusa
9 (RLIN) 20572
700 1# - ASIENTO SECUNDARIO - NOMBRE PERSONAL [R]
Nombre personal [NR] Mora, Eduino de
Término de relación [R]
9 (RLIN) 169316
942 ## - ELEMENTOS DE ENTRADA AGREGADOS (KOHA)
Tipo de ítem principal el descrito en 300a Libro
Tema principal Literatura
Edición 1
Parte restante de la signatura top. Z967c
Sistema de clasificación DEWEY
Clasificación 891.73
Existencias
Fecha de último préstamo Signatura topográfica Código de barras Última vez visto Ejemplar Price effective from Tipo de ítem Perdido Sistema de clasificación Dañado No prestable Tipo de ítem específico Suprimido Ubicación habitual Ubicación actual Localización Fecha de creación Forma de adquisición Costo
04/10/2011 891.73 Z967c 100116044 09/12/2025 Ej.1 03/02/2013 Libro   DEWEY     Libro   Claustro Claustro 2do piso 28/02/2013 Donación 26000.00